000 01313nam0a22002891 4500
001 rc\3062001
005 20250806202629.0
035 _a(NLR Aleph) 007200636
090 _a54107
_c54107
100 _a20111013d1941 u y0rusy50 ca
101 0 _arus
102 _aRU
105 _aa z |||||
200 1 _aКарданное сочленение и задний мост в сборе с редуктором, диференциалом и тормозами автомобиля ЗИС-5
_eМетодич. руководство к разрезным агрегатам
_fИнж.-механик Б.М. Хазин
_gПод ред. доц. М.В. Нарбута
_gТехучпособие - ВКВШ при СНК СССР
205 _a2-е изд.
210 _aЛенинград
_aМосква
_cСоветская наука
_d1941
_eЛенинград
215 _a35, [5] с.
_cил., черт., схем.
_d17 см
320 _aБибилиогр.: "Рекомендуемая литература" (с. 36)
700 1 _aХазин
_bБ.М.
702 1 _aНарбут
_bМ.В.
_4340
801 0 _aRU
_bNLR
_gpsbo
801 1 _aRU
_bELAR
_2rusmarc
852 _aNLR
_jТ86 Г-2/120
942 _cBOOK
945 _aРоссийская национальная библиотека
980 _aNB
980 _aBV